000 007370000a22002170004500
090 _aAR
_b01575
245 1 0 _aDistribution and abundance of small mammals along an elevational transect in temperate rainforests of Chile
650 1 4 _aFauna
_992594
650 1 4 _aPatrones de abundancia
_994493
650 1 4 _aDistribución
_992865
651 4 _lValle La Picada
_pChile
_992749
653 _gDromiciops
_eDromiciops australis
653 _gIrenomys
_eIrenomys tarsalis
653 _gAuliscomys
_eAuliscomys micropus
041 0 _aInglés
700 1 _aMeserve, Peter L.
_994950
700 1 _aLang, Brian K.
_994951
100 1 _aPatterson, Bruce D.
_994263
942 _cARTICULO
773 1 _tJournal of Mammalogy
_3106
_h1
_q67-78
_d1989
_g70
999 _c10656
_d10656